000 00410nam a2200157Ia 4500
008 100122s9999 xx 000 0 und d
082 _b76696
_aB823
100 _aLEONG SUZEE
245 _aTHE LION & THE MOUSE/ THE THIRSTY CROW
250 _a1
260 _c2006
300 _a32
630 _aTHE LION & THE MOUSE/ THE THIRSTY CROW
730 _aTHE LION & THE MOUSE/ THE THIRSTY CROW
942 _cBOOK
999 _c393493
_d393490